[Event "Caioba op 7th"]
[Site "Caioba"]
[Date "2023.06.19"]
[Round "3"]
[White "Ermel Junior, Hercilio"]
[Black "Araujo, Renan Aparecido"]
[Result "0-1"]
[WhiteElo "1579"]
[BlackElo "2042"]
[PlyCount "110"]
[EventDate "2023.06.18"]
[EventType "swiss"]
[EventRounds "9"]
[EventCountry "BRA"]
[SourceTitle "CBM 214 Extra"]
[Source "ChessBase"]
[SourceDate "2023.07.31"]
[SourceVersion "1"]
[SourceVersionDate "2023.07.31"]
[SourceQuality "1"]

1. e4 c5 2. Nf3 Nc6 3. d4 cxd4 4. Nxd4 Nf6 5. Nc3 d6 6. Bc4 e6 7. Be3 Be7 8. 0-0 a6 9. Nxc6 bxc6 10. f4 d5 11. e5 Nd7 12. Bd3 Rb8 13. b3 g6 14. Ne2 c5 15. c3 0-0 16. g4 Bb7 17. Ng3 Qc7 18. Qe2 Qc6 19. Bf2 f5 20. gxf5 exf5 21. Qf3 Qe6 22. Qe2 Rbc8 23. Qd1 c4 24. Be2 Nc5 25. Bd4 a5 26. Bf3 Ne4 27. Ne2 Ba6 28. Rb1 Rb8 29. Qc2 Rfc8 30. bxc4 Bxc4 31. Rxb8 Rxb8 32. Rb1 Qc8 33. Kg2 Rb7 34. Rxb7 Qxb7 35. Qa4 Kf7 36. Qc2 Qb5 37. Be3 Bd3 38. Qd1 Bxe2 39. Bxe2 Qc6 40. Bd4 Bc5 41. Qb3 Bxd4 42. cxd4 a4 43. Qb4 Qc2 44. Qb7+ Kf8 45. Qb4+ Kg8 46. Qb5 Kf8 47. e6 Nc3 48. Qb8+ Kg7 49. Qe5+ Kh6 50. e7 Ne4 51. Kf1 Qd2 52. Kg2 Qe3 53. Bd1 Qf2+ 54. Kh3 Qf1+ 55. Kh4 Qxd1 0-1

[Event "Caioba op 7th"]
[Site "Caioba"]
[Date "2023.06.18"]
[Round "1"]
[White "Ermel Junior, Hercilio"]
[Black "Menna Barreto, Luiz Ney"]
[Result "0-1"]
[WhiteElo "1579"]
[BlackElo "2234"]
[PlyCount "58"]
[EventDate "2023.06.18"]
[EventType "swiss"]
[EventRounds "9"]
[EventCountry "BRA"]
[SourceTitle "CBM 214 Extra"]
[Source "ChessBase"]
[SourceDate "2023.07.31"]
[SourceVersion "1"]
[SourceVersionDate "2023.07.31"]
[SourceQuality "1"]

1. e4 c6 2. d4 d5 3. e5 Bf5 4. Bd3 Bxd3 5. Qxd3 e6 6. Ne2 Qa5+ 7. Bd2 Qa6 8. Qxa6 Nxa6 9. c3 c5 10. 0-0 Ne7 11. Na3 Nc6 12. Rac1 Rc8 13. f4 cxd4 14. cxd4 Nab4 15. Bxb4 Bxb4 16. Nb5 a6 17. Nbc3 b5 18. a3 Ba5 19. Kf2 Bb6 20. Ke3 Kd7 21. f5 Nxe5 22. fxe6+ fxe6 23. b3 Rhf8 24. h3 Nc6 25. Nb1 e5 26. Rfd1 Nxd4 27. Nxd4 Bxd4+ 28. Kd3 Rxc1 29. Rxc1 Rf2 0-1

[Event "Londrina op U2200 1st"]
[Site "Londrina"]
[Date "2019.03.02"]
[Round "2"]
[White "Ermel Junior, Hercilio"]
[Black "De Souza, Augusto Felipe Mour"]
[Result "1-0"]
[WhiteElo "1750"]
[BlackElo "1491"]
[PlyCount "79"]
[EventDate "2019.03.01"]
[EventType "swiss"]
[EventRounds "5"]
[EventCountry "BRA"]
[SourceTitle "EXT 2020"]
[Source "ChessBase"]
[SourceDate "2019.10.17"]
[SourceVersion "1"]
[SourceVersionDate "2019.10.17"]
[SourceQuality "1"]

1. e4 e6 2. d4 d5 3. exd5 exd5 4. Nf3 Nf6 5. h3 Bd6 6. Bd3 Be6 7. 0-0 0-0 8. Bg5 Nbd7 9. Nc3 c6 10. Ne2 Qc7 11. Rc1 h6 12. Bh4 Ne4 13. Nd2 f5 14. f3 Bh2+ 15. Kh1 Ng3+ 16. Nxg3 Bxg3 17. Bxg3 Qxg3 18. Re1 Rae8 19. Nf1 Qg5 20. c4 f4 21. cxd5 Bxd5 22. Qd2 Qf6 23. Bb1 Nb6 24. Qd3 Bc4 25. Qh7+ Kf7 26. Nd2 Rh8 27. Qc2 Rxe1+ 28. Rxe1 Bd5 29. Ne4 Bxe4 30. Qxe4 Rd8 31. Rd1 Nd5 32. Bc2 Re8 33. Qd3 Re3 34. Qc4 Qe6 35. Be4 Nb6 36. Qc5 Qxa2 37. Qh5+ Kf8 38. Qe5 Nd5 39. Qb8+ Kf7 40. Bxd5+ 1-0

[Event "Parana-ch rapid"]
[Site "Curitiba"]
[Date "2019.01.19"]
[Round "1"]
[White "Ermel Junior, Hercilio"]
[Black "Mekhitarian, Krikor Sevag"]
[Result "0-1"]
[WhiteElo "1750"]
[BlackElo "2536"]
[PlyCount "108"]
[EventDate "2019.01.19"]
[EventType "swiss (rapid)"]
[EventRounds "7"]
[EventCountry "BRA"]
[SourceTitle "CBM 188 Extra"]
[Source "ChessBase"]
[SourceDate "2019.02.28"]
[SourceVersion "1"]
[SourceVersionDate "2019.02.28"]
[SourceQuality "1"]

1. e4 c5 2. Nf3 d6 3. Bb5+ Nd7 4. 0-0 a6 5. Bxd7+ Bxd7 6. b3 e5 7. Bb2 Nf6 8. d3 Be7 9. h3 0-0 10. Nc3 b5 11. Ne2 Nh5 12. g4 Nf6 13. Ng3 h5 14. Nh2 hxg4 15. Nxg4 Nxg4 16. hxg4 Bg5 17. Kg2 Bf4 18. Rh1 Qg5 19. f3 g6 20. Rh3 Kg7 21. Qe2 Rh8 22. Rah1 Rxh3 23. Rxh3 Rh8 24. Rxh8 Kxh8 25. Bc3 f5 26. exf5 gxf5 27. Be1 fxg4 28. fxg4 Bxg4 29. Qf1 Kg8 30. Qh1 d5 31. Kf1 Be6 32. Qh5 Qxh5 33. Nxh5 Bg5 34. Ng3 Kf7 35. Bf2 Be7 36. Ke2 Bg4+ 37. Kd2 b4 38. Be3 Ke6 39. Nh1 Bf3 40. Nf2 Kf5 41. Nd1 d4 42. Bf2 Bg5+ 43. Ke1 e4 44. dxe4+ Bxe4 45. Nb2 Bxc2 46. Nc4 Bb1 47. a3 bxa3 48. Nxa3 Ba2 49. b4 cxb4 50. Nc2 d3 51. Nxb4 d2+ 52. Ke2 Bc4+ 53. Kd1 Bb3+ 54. Ke2 d1Q# 0-1